Karadeniz bölgesi ve Karabük ili (Record no. 6008)

MARC details
000 -BAŞLIK
Sabit Uzunlukta Kontrol Alanı 00898na a2200253 4500
001 - KONTROL NUMARASI
Denetim Alanı 21983
003 - KONTROL NUMARASI IDENTIFIER
Denetim Alanı MIRAKIL
005 - SON İŞLEM TARİHİ VE ZAMANI
Denetim Alanı 20181213155053.0
008 - SABİT-BOY VERİ ELEMANLARI - GENEL BİLGİLER
Sabit Uzunlukta Kontrol Alanı 170209b tu 000 0
040 ## - KATALOGLAMA KAYNAK
Orijinal Kataloglama Ajansı Milas
Kataloglama Dili tur
Metne Dönüştürmek Ajansı TR-AnCHP
041 ## - DİL KODU
Metin / Ses Parça Veya Ayrı Başlığın Dil Kodu tur
082 ## - DEWEY ONLU SINIFLANDIRMA NUMARASI
Sınıflandırma Numarası 915.63
Ürün Numarası A42k 2010
090 ## - SINIFLAMA NUMARASI
Sınıflama Numarası 915.63 A42k 2010
100 ## - ANA GİRİŞ - KİŞİSEL İSİM
Kişisel Ad Akay, Cevdet
245 ## - BAŞLIK TABLOSU
Başlık Karadeniz bölgesi ve Karabük ili
Sorumluluk Tablosu, Vb Cevdet Akay
246 ## - UNVAN FORM VARYING
Başlık Doğru / Kısa Başlığı Sosyo kültürel, sosyo ekonomik ve sosyo politik yapı araştırması
260 ## - YAYIN, DAĞITIM, VB
Yayın, Dağıtım, Vb Yeri Karabük
Yayıncı, Dağıtıcı, Vs Adı [yayl. y.]
Yayın, Dağıtım, Vb Tarihi 2010
300 ## - FİZİKSEL TANIM
Kapsam 1 c. <104 s.>
Diğer Fiziksel Ayrıntıları tbl. ; grf.; şkl.; hrt.
Boyutlar 30 sm.
650 ## - KONU KATMA GİRİŞ - TOPİKAL DÖNEM
Topikal Süreli Veya Coğrafi Ad Giriş Elemanı Karadeniz Bölgesi
Genel Alt Bölümü Karabük
Kronolojik Alt Bölümü Sosyo kültürel yapı
650 ## - KONU KATMA GİRİŞ - TOPİKAL DÖNEM
Topikal Süreli Veya Coğrafi Ad Giriş Elemanı Karadeniz Bölgesi
Genel Alt Bölümü Karabük
Kronolojik Alt Bölümü Sosyo politik yapı
650 ## - KONU KATMA GİRİŞ - TOPİKAL DÖNEM
Topikal Süreli Veya Coğrafi Ad Giriş Elemanı Karadeniz Bölgesi
Genel Alt Bölümü Karabük
Kronolojik Alt Bölümü Sosyo ekonomik yapı
740 ## - KATMA GİRİŞ - KONTROLSUZ İLGİLİ / ANALİTİK BAŞLIK
Kontrol Edilmeyen / İlgili Analitik Başlıktaki Sosyo kültürel, sosyo ekonomik ve sosyo politik yapı araştırması
942 ## - EKLENDİ GİRİŞ ELEMANLARI (KOHA)
Sınıflandırma Veya Raf Düzeni Kaynak Dewey Decimal Classification
Koha Öğesi Türü Books
999 ## - SİSTEM KONTROL NUMARALARI (KOHA)
Koha Biblionumber 6008
Koha Biblioitemnumber 6008
Holdings
Kalıcı Konum Mevcut Konum Edinme Tarihi Edinim Kaynak Toplam Check-Out'Lar Tam Çağrı Numarası Barkod Tarih Son Görülme İtibaren Geçerli Fiyatlar Koha Öğesi Türü
CHP Kütüphanesi CHP Kütüphanesi 02/09/2017 Bağış   915.63 A42k 2010 012364 02/09/2017 02/09/2017 Books